000 00560nam a2200193Ia 4500
003 OSt
005 20260327161256.0
008 220909b |||||||| |||| 00| 0 eng d
037 _cReference Collections
040 _aCSL
_beng
_cCSL
041 _aeng
084 _aTun1-3:N14 M9.4 RR
_qCSL
245 0 _aCommonwealth universities year book 1989
260 _aNew Delhi :
_c1989 ,
300 _ap.
_ccm.
650 _aUniversity year book
_91232002
942 _hTun1-3:N14 M9.4 RR
_cREF
_2CC
999 _c83044
_d83044